Rubber Plantation In Sub-tropical Climate: A Managed Sink Of Atmospheric Carbon (Record no. 75563)

MARC details
000 -LEADER
fixed length control field 00588nam a22002177a 4500
100 ## - MAIN ENTRY--AUTHOR NAME
Personal name Reju, M.j.
245 ## - TITLE STATEMENT
Title Rubber Plantation In Sub-tropical Climate: A Managed Sink Of Atmospheric Carbon
260 ## - PUBLICATION, DISTRIBUTION, ETC. (IMPRINT)
Name of publisher Rubber Science, 38(1)
Year of publication 2025
300 ## - PHYSICAL DESCRIPTION
Number of Pages 46-55
650 ## - SUBJECT ADDED ENTRY--TOPICAL TERM
Topical Term Annual Tree Loss
650 ## - SUBJECT ADDED ENTRY--TOPICAL TERM
Topical Term Biomass assimilation
650 ## - SUBJECT ADDED ENTRY--TOPICAL TERM
Topical Term Carbon dioxide removal
650 ## - SUBJECT ADDED ENTRY--TOPICAL TERM
Topical Term Carbon sequestration
650 ## - SUBJECT ADDED ENTRY--TOPICAL TERM
Topical Term Carbon sink
650 ## - SUBJECT ADDED ENTRY--TOPICAL TERM
Topical Term Oxygen release
700 ## - ADDED ENTRY--PERSONAL NAME
Personal name Chandra, U.
700 ## - ADDED ENTRY--PERSONAL NAME
Personal name Gopalakrishnan, J.
700 ## - ADDED ENTRY--PERSONAL NAME
Personal name Jessy, M.D.
942 ## - ADDED ENTRY ELEMENTS (KOHA)
Koha item type Journals
Holdings
Withdrawn status Lost status Damaged status Not for loan Home library Current library Date acquired Koha item type
        RRII Library RRII Library 26/08/2025 Journals